IX Congreso Nacional de Ingeniería Hidráulica
-д хадгалсан:
| Байгууллагын зохиогчид: | , |
|---|---|
| Формат: | Ном |
| Хэл сонгох: | испани |
| Хэвлэсэн: |
Santiago
Pontificia Universidad Católica de Chile, Departamento de Ingeniería Hidráulica
1989
|
| Нөхцлүүд: | |
| Шошгууд: |
Шошго нэмэх
Шошго байхгүй, Энэхүү баримтыг шошголох эхний хүн болох!
|
MARC
| LEADER | 00000nam a2200000 a 4500 | ||
|---|---|---|---|
| 001 | UCV4192 | ||
| 003 | CL-VaPUC | ||
| 008 | 900806e19890000CL |||||||||||||||||spa|d | ||
| 082 | 0 | 4 | |a 627 |b PON |2 21 |
| 110 | 2 | |a Pontificia Universidad Católica de Chile, Departamento de Ingeniería Hidráulica |e author |9 298516 | |
| 710 | 2 | |a Sociedad Chilena de Ingeniería Hidráulica |e author |9 298517 | |
| 245 | 1 | 0 | |a IX Congreso Nacional de Ingeniería Hidráulica |
| 300 | |a 2 v | ||
| 942 | |c BK | ||
| 945 | |d 19900806 00:00:00 |a mfernand | ||
| 260 | |a Santiago |b Pontificia Universidad Católica de Chile, Departamento de Ingeniería Hidráulica |c 1989 | ||
| 650 | 0 | |a Ingeniería hidráulica |9 260281 | |
| 650 | 0 | |a Congresos |9 257560 | |
| 583 | |a last modification |c 20160104 00:44:03 |k Rodrigo Vera | ||
| 999 | |c 211153 |d 211151 | ||
| 952 | |0 0 |1 0 |4 0 |6 627_000000000000000_PON_1989 |7 0 |8 P |9 189336 |a BIBING |b BIBING |d 2019-11-14 |h v.1 |i 2569876 |o 627 PON 1989 |p 2569876 |r 2025-01-20 |w 2019-11-14 |y BK |k ING | ||
| 952 | |0 0 |1 0 |4 0 |6 627_000000000000000_PON_1989 |7 0 |8 P |9 189337 |a BIBING |b BIBING |d 2019-11-14 |h v.2 |i 2569884 |o 627 PON 1989 |p 2569884 |r 2025-01-20 |w 2019-11-14 |y BK |k ING | ||